| 000 | 00875 a2200241 4500 | ||
|---|---|---|---|
| 005 | 20250417084124.0 | ||
| 020 | _a9780321501554 | ||
| 020 | _a0321501551 | ||
| 050 | 0 | 0 |
_aQP31.2 _bMOY 2008 |
| 100 | 1 |
_aMoyes, Christopher D. _eauthor |
|
| 245 | 1 | 0 |
_aPrinciples of animal physiology / _cChristopher D. Moyes, Patricia M. Schulte. |
| 250 | _aSecond edition. | ||
| 264 |
_aSan Francisco : _bPearson, _c2008. |
||
| 300 |
_axxx, 754 pages : _billustrations (chiefly coloured) ; |
||
| 336 |
_2rdacontent _atext _btxt |
||
| 337 |
_2rdamedia _aunmediated _bn |
||
| 338 |
_2rdacarrier _avolume _bnc |
||
| 504 | _aIncludes bibliographical references and index. | ||
| 650 | 0 |
_aPhysiology _xAnimals |
|
| 700 | 1 |
_aSchulte, Patricia M. _eauthor |
|
| 856 | 4 | 1 |
_3Table of contents only _uhttp://www.loc.gov/catdir/toc/ecip0716/2007017463.html |
| 942 |
_2lcc _cBK _eSecond edition _h31.2 _iMOY _kQP |
||
| 999 |
_c6577 _d6577 |
||